000
00333 a2200133 4500
000
nam a22 7a 4500
100
_a
Verma, Manoj
110
_a
Verma, Manoj
245
_a
Crime and Society
250
_a
Latest edition
260
_b
Keya International Press
_c
2024
264
_b
Keya International Press
_c
2024
942
_c
BK
999
_c
396168
_d
396168